Quizzes
Events
Quiz Creation
Community
Videos
Private Events
Remove Ads
Sign In
Join for FREE
Feedback
Dark Mode
Quiz Categories
Sports
Geography
Music
Movies
Television
Just For Fun
Miscellaneous
History
Literature
Language
Science
Gaming
Entertainment
Religion
Holiday
For Kids
Quiz Lab
Recent
Popular Today
Quiz Kudos Today
Editor Picks
Curator Picks
Quizzes by...
Day
Popularity
Type
Ratings
Length
Year
Community
Subscriptions
Recent Discussions
Orange Saloon
Badges
Playlists
Quests
Create
Leaderboards
Showdown
Live 5
Trivia Bingo
Activity
Puzzle Library
Sporcle Events
Private Events
Virtual Trivia
Globe League
Become a Host
Pub Owners
SporcleCon
Opinionation
Our Games
Videos
Blog
Mobile Apps
Partnerships
Remove Ads and Go Orange
Feedback
Movies
Disney
Marvel Cinematic Universe
Movie Resume
Movie Titles
Oscar
Actor
Actress
Director
Pixar
Role
Movie Quotes
Movie Characters
Box Office
Nominee
Best Picture
Star Wars
James Bond
Horror Movies
Movies
Disney
Marvel Cinematic Universe
Movie Resume
Movie Titles
Oscar
Actor
Actress
Director
Pixar
Role
Movie Quotes
Movie Characters
Box Office
Nominee
Best Picture
Star Wars
James Bond
Horror Movies
Random Quiz
Search Sporcle
×
Curator Pick
Curator Pick
Movies
Movie Quotes
Select answers by clicking on text or image buttons
Select answers by clicking on text or image buttons
Clickable
Best Score? Go Orange.
Follow That Line: Inception Stats
Can you pick the lines that follow on from the ones given from the movie Inception?
By
Tolkienite
7m
24 Questions
3,450 Plays
3,450 Plays
3,450 Plays
Comments
Comments
Give Quiz Kudos
Give Quiz Kudos
-
- Ratings
hide this ad
Forced Order
Answers have to be entered in order
Answers have to be entered in order
Replay
Link that replays current quiz
Next Quiz
Link to next quiz in quiz playlist
You Got
0%
They Got
Avg Score
87%
Avg Friend Score
Upgrade to see
Score Distribution
Jump to the score distribution portion of the page
Score
0/24
Timer
07:00
0
Plays Today
% Correct
Its only when we wake up then we realize that something was actually strange.
94.5%
James, we talked about this. Mommy's not here anymore.
93.9%
I hope you do understand the gravity of that request.
93.7%
I never taught you to be a thief.
93.7%
No. They come to be woken up. The dream has become their reality.
93.4%
A bit too much free champagne before take off, Yusuf?
92.3%
No, it's perfectly possible. It's just bloody difficult.
91.4%
I'm sorry, uh, maths was never my strong subject. How much time is that?
90.1%
You can't imagine...
90%
But we did. We did. You don't remember?... I miss you more than I can bear, but... we had our time together.
89.6%
Oh, I see you've met Mrs Cobb.
89.5%
It depends on what you're threatening
89.2%
% Correct
and if we get killed, we'll be lost in limbo till our brains turn to scrambled egg.
88.7%
Your condescension, as always, is much appreciated, Arthur, thank you.
88%
She was possessed by an idea, this one, very simple idea, that changed everything.
88%
Because, in my dreams we are together.
87.9%
Guilt.
85.5%
Not sure. See if he starts shooting.
85.2%
and we'll be young men together again.
83.6%
Because you'll be together.
82.1%
I was eleven.
81.4%
He was possessed of some radical notions.
76.8%
Excellent. But you learned a lot, right?
75.3%
Or become an old man, filled with regret, waiting to die alone.
70.8%
Quiz Playlist
Details
Report
Send in Message
Add To Playlist
Clickable:
Select answers by clicking on text or image buttons
Forced Order:
Answers have to be entered in order
Quiz Source
Last Updated: Feb 16, 2017
Curator Pick in
Follow That Line
Quiz Scoreboard
CHALLENGE
Sign Up to Join the Scoreboard
Show All
Scores
Hide
Comments
May contain spoilers
Recently Published
One Thing in Common: World Cities II
by knightlancer
Geography
7m
Popular People in 1961
by mucciniale
History
6m
1-10 Letter E Words III
by El_Dandy
Language
2m
More to Explore
Quiz From the Vault
Featured Blog Post
Where Did the Easter Bunny Come From?
hide this ad
You Might Also Like...
Tags
Follow That Line Quiz
Movie Quotes Quiz
inception
Today's Top Quizzes in Movies
Browse Movies
hide this ad
Today's Top Quizzes in Movie Quotes
Browse Movie Quotes
Top Contributed Quizzes in Movies
1
Multi-Oscar Nominations, One Movie, One Winner
2
12 Movies about Fictional 1960s Events
3
One Thing in Common: Movies
4
Three Word 'T' Movies Match Up
5
Sunday Crossword: Film Score Composers
6
One Thing in Common: Movies II
7
Three Word 'H' Movies Match Up
8
Three Word 'M' Movies Match Up
9
One Thing in Common: Oscars
10
Three Word 'P' Movies Match Up
Explore More
Trending Topics
Harry Potter
Marvel
Disney
NBA
Crossword
Kpop
Anime
The Office
NFL
WWE
Soccer
Puzzle
Country
Song
Pokémon
hide this ad
More By:
Tolkienite
Quiz
Plays
Rating
Category
Featured
Created
This Movie Is Not Suitable for Children
168,715
4.39
Movies
Feb 3, 2014
Figure Out The Lyrics (Grease)
110,557
4.48
Music
Nov 30, 2013
Movie Character Rainbow
103,327
4.32
Movies
Jun 19, 2013
Famous Colorful Characters
81,960
4.52
Entertainment
Nov 6, 2013
Henchmen, Sidekicks, and Subordinates
76,595
4.26
Entertainment
Aug 17, 2012
Go to Creator's Profile
Score Distribution
Quiz Creator Spotlight
Tolkienite
Follow
Send a Message
Quizzes Created
-
Created Quiz Play Count
-
More By This Creator
Popular Quizzes Today
1
Find the US States - No Outlines Minefield
2
The Countries of the World
3
Popular People in 1961
4
Find the Countries of Europe - No Outlines Minefield
5
1-10 Letter E Words III
6
Find the US States
7
One Thing in Common: World Cities II
8
US States
More Movies Quizzes
Two Word 'T' Movies Match Up
Published
Trending Quizzes
1-10 Letter F Words
1-10 Letter G Words
Risky Map Clicking: Next State Alphabetically
1-10 Letter F Words II
Risky Map Clicking: States by Unique Starting Letters
Recently Updated
Leaping Animals
pecheneg
Reality TV Shows (A-Z)
bhenderson79
Rickey Henderson's Hall of Fame Teammates
pecheneg
Champions League XIs: Arsenal
pecheneg
Quick Pick: Celebrities in WWE's Hall of Fame
aduchscher
A-Z Keypad Blitz II
pecheneg
Multiple Oscar Actors
pecheneg
Mystery Phrase Blitz: Oscar 'Best Actors'
pecheneg
F. Scott Fitzgerald Novels
LTH
Pick 3 Villains
ddd62291
Trending Topics
Disney
NBA
Crossword
Kpop
Harry Potter
Anime
Marvel
Soccer
Song
WWE
The Office
Pokémon
Puzzle
Country
NFL
Your Account Isn't Verified!
In order to create a playlist on Sporcle, you need to verify the email address you used during registration. Go to your
Sporcle Settings
to finish the process.
Report this User
Report this user for behavior that violates our
Community Guidelines
.
Details:
Send Report
Go to the Sporcle.com Mobile Site →
Comments